Κατάλογος Βιβλιοθηκών Mediterranean College

Ο κήπος του χειμώνα / (Record no. 10028)

MARC details
000 -LEADER
fixed length control field 03086nam a22002177a 4500
003 - ΤΑΥΤΟΤΗΤΑ ΤΟΥ ΑΡΙΘΜΟΥ ΕΛΕΓΧΟΥ
Πεδίο ελέγχου GR-AtEVE
005 - ΗΜΕΡΟΜΗΝΙΑ ΚΑΙ ΩΡΑ ΤΕΛΕΥΤΑΙΑΣ ΕΝΗΜΕΡΩΣΗΣ
Πεδίο ελέγχου 20260110110131.0
006 - FIXED-LENGTH DATA ELEMENTS--ADDITIONAL MATERIAL CHARACTERISTICS
Πεδίο ελέγχου σταθερού μήκους a|||||r|||||||||||
008 - FIXED-LENGTH DATA ELEMENTS--GENERAL INFORMATION
Πεδίο ελέγχου σταθερού μήκους 161124n||||||||gr g ||| gre #
020 ## - ISBN
ISBN 9789604617425
040 ## - ΠΗΓΗ ΚΑΤΑΛΟΓΟΓΡΑΦΗΣΗΣ
Γλώσσα καταλογογράφησης Ελληνικά, Μοντέρνα (1453-)
Φορέας πρωτότυπης καταλογογράφησης MC Athens Campus Library
Modifying agency MC Athens Campus Library
Κανόνες περιγραφικής καταλογογράφησης AACR2
041 1# - ΓΛΩΣΣΑ
Κωδικός γλώσσας πρωτότυπου Αγγλικά
245 02 - ΤΙΤΛΟΣ ΚΑΙ ΔΗΛΩΣΗ ΥΠΕΥΘΥΝΟΤΗΤΑΣ
Τίτλος Ο κήπος του χειμώνα /
Statement of responsibility, etc. Kristin Hannah ; μετάφραση Έφη Τσιρώνη
260 ## - PUBLICATION, DISTRIBUTION, ETC.
Place of publication, distribution, etc. Αθήνα :
Name of publisher, distributor, etc. Κλειδάριθμος,
Date of publication, distribution, etc. 2017
300 ## - PHYSICAL DESCRIPTION
Extent 534 σ. ;
Διαστάσεις 21 εκ.
500 ## - GENERAL NOTE
Γενική σημείωση Τίτλος πρωτοτύπου: Winter garden
520 ## - SUMMARY, ETC.
Summary, etc. Λένινγκραντ, 1941. Μια πόλη άλλοτε ονειρεμένη, τώρα πολιορκείται από τους Ναζί -θαμμένη στο χιόνι, αποκομμένη από κάθε βοήθεια... Μια πόλη γεμάτη γυναίκες που πασχίζουν απεγνωσμένα να σώσουν τα παιδιά τους και τον εαυτό τους -με κάθε τίμημα... Σιάτλ, 2000. Η Άνια Γουίτσον χάνει τον σύζυγό της και νιώθει μεμιάς τα χρόνια και τη θλίψη να τη βαραίνουν αβάσταχτα. Είναι πια ώρα ν' απλώσει το χέρι στις αποξενωμένες κόρες της. Σιγά σιγά, διστακτικά, αρχίζει να τους εξιστορεί ένα παραμύθι για μια όμορφη μικρή Ρωσίδα που ζούσε σε μια μαγική πόλη πριν από μια ολόκληρη ζωή... Η Νίνα και η Μέρεντιθ έχουν ακούσει πολλές φορές την αρχή του παραμυθιού, αλλά ποτέ το τέλος. Αυτή τη φορά, αποφασισμένες να βρουν την αλήθεια πίσω από τον μύθο, θα πιέσουν τη μητέρα τους να διηγηθεί ολόκληρη την ιστορία. Και θα ανακαλύψουν ένα μυστικό τόσο αδιανόητο που θα τις ταράξει συθέμελα -και θα τις κάνει να δουν με άλλα μάτια τη μητέρα τους, την οικογένειά τους, αλλά και τη δική τους ζωή. "Ο Κήπος του χειμώνα" είναι μια επική ιστορία αγάπης στη Ρωσία του Β΄ Παγκοσμίου Πολέμου, αλλά και μια ιστορία για τους ακατάλυτους δεσμούς ανάμεσα στις γυναίκες -μητέρες, κόρες, αδερφές- την ενοχή και την εξιλέωση. Είναι μια ιστορία για τον πόλεμο -όχι των ηρώων, αλλά των απλών ανθρώπων που τον κουβαλούν μέσα τους ακόμη κι όταν έχει πια από καιρό τελειώσει.
650 #0 - SUBJECT ADDED ENTRY--TOPICAL TERM
Topical term or geographic name entry element Αμερικανική λογοτεχνία
9 (RLIN) 10235
942 ## - ADDED ENTRY ELEMENTS (KOHA)
Koha item type Books
Holdings
Τύπος τεκμηρίου Βιβλιοθήκη Τρέχουσα τοποθεσία Barcode Αριθμός εισαγωγής Ημερομηνία απόκτησης Ταξιθετικό σύμβολο Αριθμός αντιτύπου Κατάσταση απόσυρσης Κατάσταση χαμένου Κατάσταση κατεστραμμένου Μη δανεισμός Σύνολο δανεισμών Ημερομηνία τελευταίας εμφάνισης Η τιμή ισχύει από
Books MC Athens Campus Library MC Athens Campus Library 9780000100351 8231 10/01/2026 813 ΗΑΝ 1           10/01/2026 10/01/2026

MC Athens Campus Library
Πατησίων 94 & Κοδριγκτώνος 13, 104 34
Πελλήνης 8 & Πατησίων 107, 112 51
Τ: +30 210 8899600

MC Thessaloniki Campus Library
Ίωνος Δραγούμη 21, 54625 | Ίωνος Δραγούμη 15, 54625
Τ: +30 2310 287779 – Τ: +30 2314 440300